000 00755nam a2200217 i 4500
001 182804
003 ES-MaACL
005 20230906221721.0
008 131106s1986 sp | |||| ||spa d
080 _a92 Morales Oliver, Luis:061.75
080 _a061.75:92 Morales Oliver, Luis
100 1 _aEscolar Sobrino, Hipólito.
_947607
245 1 0 _aHomenaje a D. Luis Morales Oliver /
_cHipólito Escolar.
260 _aMadrid :
_bFundación Universitaria Española,
_c1986.
300 _ap. 57-62 ;
_c24 cm.
534 _p"Separata homenaje a Luis Morales Oliver"
600 1 7 _aMorales Oliver, Luis,
_d1895-1982
_2embne
_983063
710 2 _aFundación Universitaria Española.
_94426
852 _aES-MaACL
_j2329-F-15
999 _c182804
_d182804